000 00314nam a22001337a 4500
020 _a978-1-3503-4710-6
082 _a332.042
100 _aPilbeam, Keith
245 _aInternational Finance
250 _a5th
260 _aLondon:
_bBloomsbury Publishing,
_c2023
300 _axiv, 549p.: ill.; 25cm
942 _cBK
999 _c22188
_d22188